Les meilleurs buteurs en 2025 (Football) - Statistiques

Statistiques générales
  • Ce quiz a été pris 133 fois
  • Le résultat moyen est 9 sur 10
Statistiques - réponses
Classement Club Nombre de buts Joueurs % Correct
1 Real Madrid 66 buts Kylian Mbappé
100%
2 Bayern Munich 60 buts Harry Kane
98%
3 Manchester City 57 buts Erling Haaland
97%
6 Paris Saint-Germain 32 buts Ousmane Dembélé
97%
5 Inter Milan 34 buts Lautaro Martinez
94%
7 FC Barcelone 31 buts Robert Lewandowski
94%
4 Borussia Dortmund 36 buts Serhou Guirassy
87%
8 Atlético de Madrid 30 buts Julian Alvarez
85%
9 FC Barcelone 29 buts Ferran Torres
61%
10 Bayer Leverkusen 27 buts Patrik Schick
45%
Aucun quiz correspondant
Distribution des résultats
% des personnes avec chaque résultat
Percentile par nombre de réponses
Votre historique - résultats
Vous n’avez pas pris ce quiz